书目信息 |
| 题名: |
饰面镶贴与安装
|
|
| 作者: | 崔东方 主编 | |
| 分册: | ||
| 出版信息: | 北京 机械工业出版社 2007 |
|
| 页数: | 205页 | |
| 开本: | 26cm | |
| 丛书名: | ||
| 单 册: | ||
| 中图分类: | TU767 | |
| 科图分类: | ||
| 主题词: | 饰面--工程装修--职业高中--教材 , 饰面 , 工程装修 | |
| 电子资源: | ||
| ISBN: | 978-7-111-22074-9 | |
| 000 | 01017nam0 2200277 450 | |
| 001 | 200805000184 | |
| 005 | 20071108093155.0 | |
| 010 | @a978-7-111-22074-9@dCNY20.00 | |
| 035 | @a003593819 | |
| 100 | @a20070318d2007 em y0chiy0110 ea | |
| 101 | 0 | @achi |
| 102 | @aCN@b110000 | |
| 105 | @ay z 000yy | |
| 106 | @ar | |
| 200 | 1 | @a饰面镶贴与安装@Ashi mian xiang tie yu an zhuang@f崔东方主编 |
| 210 | @a北京@c机械工业出版社@d2007 | |
| 215 | @a205页@d26cm | |
| 300 | @a教育部职业教育与成人教育司推荐教材 中等职业学校建筑装饰专业教学用书 建设行业技能型紧缺人才培养培训工程系列教材 | |
| 330 | @a本书的内容包括常见砌体工程、常见抹灰工程、外墙面镶贴与安装工程、内墙面镶贴与安装工程、地面镶贴与安装工程、柱面镶贴与安装工程、幕墙安装工程等的常用材料、施工工艺、质量标准、常见质量问题及预防措施。 | |
| 606 | 0 | @a饰面@x工程装修@x职业高中@j教材 |
| 606 | 0 | @a饰面 |
| 606 | 0 | @a工程装修 |
| 690 | @aTU767@v4 | |
| 701 | 0 | @a崔东方@Acui dong fang@4主编 |
| 801 | 0 | @aCN@c20071109 |
| 905 | @b20653729-30@dTU767@eC966 | |
| 饰面镶贴与安装/崔东方主编.-北京:机械工业出版社,2007 |
| 205页;26cm |
| 教育部职业教育与成人教育司推荐教材 中等职业学校建筑装饰专业教学用书 建设行业技能型紧缺人才培养培训工程系列教材 |
| ISBN 978-7-111-22074-9:CNY20.00 |
| 本书的内容包括常见砌体工程、常见抹灰工程、外墙面镶贴与安装工程、内墙面镶贴与安装工程、地面镶贴与安装工程、柱面镶贴与安装工程、幕墙安装工程等的常用材料、施工工艺、质量标准、常见质量问题及预防措施。 |
| ● |
| 相关链接 |
|
|
|
正题名:饰面镶贴与安装
索取号:TU767/C966
 
预约/预借
| 序号 | 登录号 | 条形码 | 馆藏地/架位号 | 状态 | 备注 |
| 1 | 653729 | 206537292 | 建筑库201/201建筑库 45排5列5层/ [索取号:TU767/C966] | 在馆 | |
| 2 | 653730 | 206537309 | 建筑库201/201建筑库 45排5列5层/ [索取号:TU767/C966] | 在馆 |